Groma: Documenting Archaeology
Groma is an open access peer-reviewed e-journal focusing on the different methodologies applied to archaeology. Since 2023, it is rated as an A-class journal for Archaeology by the Italian National Agency for the Evaluation of the University System. Particular attention is paid to Mediterranean arc...
التنسيق: دورية
اللغة: Undetermined
الوصول للمادة أونلاين: Login to view Source
الوسوم: إضافة وسم
رقم الطلب:
| LEADER | 00896nas a2200181Ia 4500 | ||
|---|---|---|---|
| 005 | 20250602143043.0 | ||
| 008 | 250601c99999999xx |||||||||||| ||und|| | ||
| 022 | |a 2531-6672 | ||
| 245 | 0 | 0 | |a Groma: Documenting Archaeology |
| 336 | |2 rdacontent |a text |b txt | ||
| 337 | |2 rdamedia |a unmediated |b n | ||
| 338 | |2 rdacarrier |a volume |b n | ||
| 362 | 0 | |a 2016 | |
| 500 | |a ARCHJOURNALS | ||
| 520 | |a Groma is an open access peer-reviewed e-journal focusing on the different methodologies applied to archaeology. Since 2023, it is rated as an A-class journal for Archaeology by the Italian National Agency for the Evaluation of the University System. Particular attention is paid to Mediterranean archaeology and to specific methodological aspects such as archaeological documentation and landscape archaeology. | ||
| 856 | 4 | |u https://library.arce.org:8083/ojs/index.php/groma/ | |
| 942 | |c EJL |2 lcc | ||
| 999 | |c 60960 |d 60960 | ||
